Normal view MARC view
  • Maritime

Entry Topical Term

Number of records used in: 1

001 - CONTROL NUMBER

  • control field: 119533

003 - CONTROL NUMBER IDENTIFIER

  • control field: NUST

005 - DATE AND TIME OF LATEST TRANSACTION

  • control field: 20231207145745.0

008 - FIXED-LENGTH DATA ELEMENTS

  • fixed length control field: 231207|| aca||aabn | a|a d

040 ## - CATALOGING SOURCE

  • Original cataloging agency: NUST
  • Transcribing agency: NUST

150 ## - HEADING--TOPICAL TERM

  • Topical term or geographic name entry element: Maritime
  • Topical term or geographic name entry element: Admirals

670 ## - SOURCE DATA FOUND

  • Source citation: Work cat.: (NUST): Naeem Sarfraz 119532, Admirals of peace: confidence and cooperation in South Asian waters CCSAW/, 2023.
© 2023 Central Library, National University of Sciences and Technology. All Rights Reserved.